Statistics for Counties of Ohio

Click here to take the quiz!

General Stats

  • This quiz has been taken 8,156 times
    (8,147 since last reset)
  • The average score is 47 of 88

Answer Stats

County % Correct
Cuyahoga
84%
Franklin
84%
Hamilton
80%
Lake
75%
Washington
75%
Erie
74%
Adams
73%
Jefferson
70%
Ashtabula
68%
Madison
67%
Sandusky
67%
Jackson
65%
Monroe
64%
Delaware
64%
Lorain
61%
Greene
61%
Athens
61%
Lucas
61%
Montgomery
60%
Licking
60%
Summit
59%
Wood
59%
Wayne
58%
Mahoning
57%
Ashland
57%
Warren
56%
Geauga
56%
Butler
56%
Huron
56%
Brown
56%
Stark
56%
Ottawa
55%
Union
54%
Allen
54%
Darke
54%
Trumbull
54%
Miami
53%
Clark
53%
Scioto
53%
Tuscarawas
53%
Harrison
53%
Williams
53%
Marion
53%
Van Wert
52%
Medina
51%
Richland
51%
Knox
50%
Auglaize
50%
Pike
50%
Hocking
50%
Portage
49%
Wyandot
49%
Meigs
49%
Clinton
49%
Muskingum
48%
Fairfield
48%
Columbiana
48%
Holmes
48%
Defiance
48%
Ross
47%
Fulton
47%
Vinton
47%
Belmont
46%
Coshocton
46%
Hancock
46%
Hardin
46%
Seneca
46%
Logan
46%
Clermont
46%
Perry
46%
Lawrence
46%
Carroll
45%
Mercer
45%
Paulding
45%
Preble
44%
Guernsey
44%
Fayette
44%
Pickaway
44%
Putnam
44%
Henry
43%
Gallia
43%
Crawford
43%
Morrow
43%
Champaign
42%
Noble
42%
Shelby
41%
Morgan
40%
Highland
38%

Score Distribution

Percentile by Number Answered

Percent of People with Each Score

Your Score History

You have not taken this quiz since the last reset